Microsoft office Excel 2010 cho người mới sử dụng
Những tính năng mới trong Excel 2010; tùy biến Excel 2010; các tính năng thiết yếu của Excel 2010; các style và định dạng; phận loại và lọc; phan tích dữ liệu sử dụng các tổng con, sự hợp nhất, và bảng,...
Zapisane w:
| 1. autor: | |
|---|---|
| Kolejni autorzy: | |
| Język: | Undetermined |
| Wydane: |
Hà Nội
Hồng Đức
2009
|
| Hasła przedmiotowe: | |
| Etykiety: |
Dodaj etykietę
Nie ma etykietki, Dołącz pierwszą etykiete!
|
| Thư viện lưu trữ: | Trung tâm Học liệu Trường Đại học Trà Vinh |
|---|
| LEADER | 01019nam a2200253Ia 4500 | ||
|---|---|---|---|
| 001 | TVU_340 | ||
| 008 | 210423s9999 xx 000 0 und d | ||
| 041 | |a Vie | ||
| 082 | |a 4.2 | ||
| 082 | |b M312 | ||
| 100 | |a Nguyễn, Công Minh | ||
| 245 | 0 | |a Microsoft office Excel 2010 cho người mới sử dụng | |
| 245 | 0 | |c Nguyễn Công Minh, Nhóm Tin học thực dụng | |
| 260 | |a Hà Nội | ||
| 260 | |b Hồng Đức | ||
| 260 | |c 2009 | ||
| 300 | |a 446 tr. | ||
| 300 | |b Minh họa | ||
| 300 | |c 24 cm | ||
| 504 | |a Phụ chú: tr.438-446 | ||
| 520 | |a Những tính năng mới trong Excel 2010; tùy biến Excel 2010; các tính năng thiết yếu của Excel 2010; các style và định dạng; phận loại và lọc; phan tích dữ liệu sử dụng các tổng con, sự hợp nhất, và bảng,... | ||
| 650 | |a Máy tính; Phần mềm Excel; Tin học; Sách tự học | ||
| 700 | |a Nguyễn Công Minh; Nhóm Tin học thực dụng | ||
| 980 | |a Trung tâm Học liệu Trường Đại học Trà Vinh | ||